01469nam a2200361 a 4500001001000000003000500010005001700015008004100032010001100073011001100084040000900095090001000104100003400114245012700148260004100275500006000316502007500376590004100451590004000492590004000532650003500572650003400607650002400641650002000665650003400685856007000719901000700789942001000796942000600806999001900812952013600831952014000967000109264CHAP20220329144044.0140414s2013 mx sm |||||||spa d a105726 a106698 cCHAP aTesis1 aLópez Allende, Omar912644610aAportes de la ecología cultural y la agri-cultura campesina a la agroecologíah[En línea]cpor Omar López Allende. aChapingo, Méx. :bEl autor,c2013. aPara ver el contenido del material haga clic en la liga aTesis (Ing. en Agroecología) -- UACH. Departamento de Agroecología aBATCH-UPDb05c20141002lUCH01h0900 aE6096MTMb05c20140414lUCH01h1448 aE6096MTMb05c20140414lUCH01h144914aAgricultura alternativa.9194314aAgricultura orgánica.9200514aCampesinado.91799314aCultura.93040114aEcología agrícola.935165 aFinding aiduhttp://10.13.5.2/tesis/sist109264.pdfzTeclea aquí aBK cTESIS n0 c105726d105726 00104054718TESISaBCbBCd2014-04-14fTESISl0oTesisp33724002401611r2019-12-31 00:00:00w2019-12-31yTESISzRecien adquirido 00102local4053708TESISaBCbBCcPA_TESISd2014-04-14fTESISl0oTesisp33724002401652r2019-12-31 00:00:00tc.2w2019-12-31yTESIS